Which Countries Drink the Most? - Statistics

General Stats
  • This quiz has been taken 36 times
  • The average score is 5 of 10
Answer Stats
Liters Country % Correct
12.79 Germany
82%
12.75 Ireland
68%
13.19 Latvia
62%
12.78 Lithuania
62%
14.26 Czech Republic
56%
12.67 Spain
56%
12.85 Moldova
47%
12.46 Bulgaria
35%
12.45 Luxembourg
24%
12.48 Uganda
3%
No matching quizzes found
Score Distribution
Percent of People with Each Score
Percentile by Number Answered
Your Score History
You have not taken this quiz